000 01390nam a22002897a 4500
005 20170203161010.0
008 170203b xxu||||| |||| 00| 0 hin d
010 _aA-920213
020 _c125.00
_a812600262
035 _aA-920213
037 _bCen Lib/Ret
040 _aDPL
_bHN
082 _a871.08
_bरघुना
100 _aरघुनाथन, टी.एम.सी.
_949325
245 _aसुब्रह्मण्य भारती :
_cटी.एम.सी.रघुनाथन ; अनुवादक एम.शेषन
_bयुग और चिन्तन /
246 _aSubrmanyam Bharti : yug aur chintan /
_bby T.M.C.Raghunathan ; translated by M.Sheshan
260 _aनयी दिल्ली
_bसाहित्य अकादमी
_c1997
270 _bनयी दिल्ली
_aरवीन्द्र भवन, 35, फिरोज़शाह मार्ग
_e110001
300 _a303पृ.
_c21सेमी (सजिल्द)
520 _aAW
650 _aहिन्दी -- साहित्य
_949326
650 _aहिन्दी -- सुब्रह्मण्य भारती -- युग
_949327
650 _aHindi -- literature
_949328
650 _aHindi - Subramanyam Bharti -- era
_949329
700 _aशेषन, एम.
_914217
942 _2ddc
_cHN
_h871.08
_mरघुना
999 _c112823
_d112823